[Event "IECC KO email"]
[Site "IECC email"]
[Date "2000.03.25"]
[Round "?"]
[White "Karlsson, Ove"]
[Black "Theofel, Heiner"]
[Result "0-1"]
[WhiteElo "989"]
[BlackElo "1577"]
[PlyCount "92"]
[EventDate "2000.??.??"]
[EventType "tourn (corr)"]
[EventRounds "6"]
[SourceTitle "Corr 2008"]
[Source "ChessBase"]
[SourceDate "2008.06.24"]
[SourceVersion "1"]
[SourceVersionDate "2008.06.24"]
[SourceQuality "1"]

1. e4 e5 2. Nf3 Nc6 3. Be2 Bc5 4. 0-0 Nf6 5. d3 0-0 6. h3 d6 7. a3 Be6 8. c3 a5 9. Nbd2 Qe7 10. Ng5 Bd7 11. Ngf3 Rad8 12. b4 axb4 13. axb4 Bb6 14. Nc4 Ra8 15. Rxa8 Rxa8 16. Nxb6 cxb6 17. Bb2 b5 18. c4 bxc4 19. dxc4 Nxe4 20. Bd3 Nf6 21. b5 Nd8 22. Qc1 Ne6 23. Bf5 Rc8 24. Bxe6 Qxe6 25. Ng5 Qxc4 26. Qd1 Bxb5 27. Nf3 Qxf1+ 28. Qxf1 Bxf1 29. Kxf1 Rc2 30. Ba3 Ne4 31. Ke1 f6 32. Kd1 Rxf2 33. Bc1 d5 34. Nd2 Nxd2 35. Bxd2 Rxd2+ 36. Kxd2 e4 37. Ke1 d4 38. g4 d3 39. h4 h5 40. gxh5 e3 41. Kf1 b5 42. Kg2 d2 43. Kf3 d1Q+ 44. Kxe3 b4 45. Kf4 b3 46. Ke4 b2 0-1